000 00592nam a22002057a 4500
003 OSt
005 20240215110257.0
008 170512t xxu||||| |||| 00| 0 eng d
020 _a9783037681138
040 _c0
082 _a721.5
_bROT
100 1 _aRoth, Manuela
_9120503
245 1 0 _aMaster pieces:
_broof architecture + design/
_cManuela Roth
260 _bBraun publishing,
_c2012.
300 _a301p.:
_bill;
_c24 cm.
650 _aPenthouses
_9120504
650 _aRooftop construction
_9120505
650 _aRooftop architecture
_9120506
942 _2ddc
_cBK
_aSADA
_k721.5 ROT 2012
999 _c607756
_d607756